Statistics for Baddie test

Click here to take the quiz!

General Stats

  • This quiz has been taken 133 times
  • The average score is 4 of 15

Answer Stats

QuestionAnswer% Correct
4 Favourite colors?Black,white,blue,red
52%
2 Favourite Games?Roblox, Minecraft
45%
Favourite Block in Minecraft?Gold Block
44%
What Baddie hates in minecraftBeing a noob in pvp
38%
Favourite song?Destroy me
38%
Brother of Baddie?Zero
37%
Recent Crush of Baddie?Jared
34%
Which 2 games Baddie hates the most ?Fortnite,gacha life
26%
Favourite food?Spaghetti
25%
Baddie's problem?Being sometimes really annoying
21%
Old name before baddie changed it?(not all people may get it)Skylie
20%
3 Favourite DreamSMP members?Dream,Puffy,Skeppy
19%
Favourite Youtuber?Every single one
19%
Second favourite song?WoodenToaster-Awoken Remix
19%
Favourite roblox game?Bubblegum Simulator
12%

Score Distribution

Percentile by Number Answered

Percent of People with Each Score

Your Score History

You have not taken this quiz